000 00702nam a2200241Ia 4500
003 OSt
005 20220925210956.0
006 a|||||r|||| 00| 0
007 ta
008 220923b |||||||| |||| 00| 0 eng d
020 _a8185813353
_c380.00
037 _b14, 03/05/1995, Indu
_cGeneral Book
040 _aRTL
_cRTL
_beng
041 _2eng
_aeng
082 _aX79F.2.N9, N4
100 _aRUHELA Renu
_9273580
245 0 _aCentre state financial relations
260 _aJaipur
_bR.B.S.A. Publishers India
_c1994
300 _aviii, 210p.
_ccm.
650 _aFinance
942 _hX79F.2.N9, N4
_cGB
_2CC
999 _c556371
_d556371